[Event "4NCL Team Rapid"]
[Site "Newport Pagnell ENG"]
[Date "2010.10.09"]
[Round "1"]
[White "Clarke,B"]
[Black "Kreuzer,C"]
[Result "1-0"]
[WhiteElo "2110"]
[BlackElo "1910"]
[WhiteFideId "400319"]
[BlackFideId "470589"]
[EventDate "2010.10.09"]

1. e4 c5 2. Nf3 d6 3. d4 cxd4 4. Nxd4 Nf6 5. Nc3 a6 6. Bg5 e6 7. f4 Be7 8. Qf3
h6 9. Bxf6 Bxf6 10. O-O-O Qc7 11. g4 Bd7 12. h4 Nc6 13. Nde2 b5 14. g5 Be7 15.
Rg1 hxg5 16. hxg5 b4 17. Nb1 a5 18. Nd2 a4 19. Kb1 Na5 20. Nd4 Rc8 21. Qd3 e5
22. Nf5 Bxf5 23. exf5 O-O 24. f6 Bd8 25. Bh3 Rb8 26. Bf5 g6 27. Bxg6 b3 28. Bh7+ 1-0

[Event "4NCL Team Rapid"]
[Site "Newport Pagnell ENG"]
[Date "2010.10.09"]
[Round "1"]
[White "Gooding,I"]
[Black "Arkell,K"]
[Result "0-1"]
[BlackTitle "GM"]
[WhiteElo "2012"]
[BlackElo "2439"]
[WhiteFideId "406864"]
[BlackFideId "400270"]
[EventDate "2010.10.09"]

1. e4 c6 2. c4 d5 3. exd5 Nf6 4. Nc3 cxd5 5. cxd5 Nxd5 6. Bb5+ Bd7 7. Bc4 Nxc3
8. bxc3 e6 9. Nf3 Nc6 10. O-O Be7 11. d4 O-O 12. Bb2 Rc8 13. Bb3 Na5 14. Qe2 Bc6
15. Rfd1 Bd5 16. Nd2 b6 17. c4 Bb7 18. Rac1 Bf6 19. Nf1 b5 20. Ne3 bxc4 21. Nxc4
Nxb3 22. axb3 Bd5 23. Ba3 Be7 24. Bxe7 Qxe7 25. Qe3 Qb4 26. Rd3 Bxc4 27. bxc4
Rxc4 28. Rcd1 a5 29. Qe5 a4 30. Rg3 g6 31. h4 Qb8 32. Qf6 Qd8 33. Qe5 Qxh4 34.
d5 exd5 35. Qxd5 Rcc8 36. Rh3 Qf6 37. Rd4 Rcd8 38. Rh1 0-1

[Event "4NCL Team Rapid"]
[Site "Newport Pagnell ENG"]
[Date "2010.10.09"]
[Round "1"]
[White "Rendle,T"]
[Black "Maguire,R"]
[Result "1/2-1/2"]
[WhiteTitle "IM"]
[WhiteElo "2400"]
[BlackElo "1925"]
[WhiteFideId "408760"]
[BlackFideId "410470"]
[EventDate "2010.10.09"]

1. e4 e5 2. Nf3 Nc6 3. Bc4 Be7 4. d3 Nf6 5. O-O h6 6. Re1 d6 7. a4 O-O 8. a5 Bg4
9. h3 Bh5 10. c3 a6 11. Nbd2 Na7 12. Nf1 c6 13. Ng3 Bg6 14. Bb3 Nb5 15. Nh4 Kh7
16. Nhf5 Nd7 17. Qg4 Nf6 18. Qf3 Nd7 19. Be3 Bg5 20. c4 Bxe3 21. Qxe3 Nc5 22.
Bc2 Nc7 23. d4 N5e6 24. Rad1 exd4 25. Nxd4 Nxd4 26. Qxd4 d5 27. cxd5 cxd5 28.
Qb6 Ne6 29. Rxd5 Qxb6 30. axb6 Rad8 31. Bb3 Nf4 32. Rxd8 Rxd8 33. Rd1 Rxd1+ 34.
Bxd1 Nd3 35. b3 Nc5 36. Bg4 Nxb3 37. f3 f6 38. Be6 Nc5 39. Bd5 a5 40. Ne2 Nd7
41. Bxb7 Nxb6 42. Nc3 a4 43. Nb5 Bf7 44. Na3 Nc4 45. Nc2 1/2-1/2

[Event "4NCL Team Rapid"]
[Site "Newport Pagnell ENG"]
[Date "2010.10.09"]
[Round "1"]
[White "Kosten,A"]
[Black "Jones,V"]
[Result "0-1"]
[WhiteTitle "GM"]
[WhiteElo "2513"]
[BlackElo "2116"]
[WhiteFideId "400114"]
[BlackFideId "470546"]
[EventDate "2010.10.09"]

1. Nf3 Nf6 2. c4 e6 3. g3 d5 4. Bg2 Be7 5. b3 O-O 6. O-O Nbd7 7. Bb2 c6 8. d3
Bd6 9. Nc3 Qe7 10. e4 dxe4 11. dxe4 e5 12. Nh4 g6 13. a3 a5 14. Qd2 Nc5 15. Rad1
Bc7 16. b4 axb4 17. axb4 Nb3 18. Qg5 Nd5 19. Qh6 Nxb4 20. f4 f6 21. f5 g5 22.
Nf3 Qg7 23. Qh5 Bd7 24. Qg4 Be8 25. Nd2 Nd4 26. Ra1 Rxa1 27. Rxa1 Nbc2 28. Ra8
Ne3 29. Qh3 h5 30. Ba3 Kh7 31. g4 Nec2 32. Bxf8 Qxf8 33. Qxh5+ Bxh5 34. Rxf8 Bb6
35. gxh5 Ne6+ 36. Kf1 Nxf8 37. Na4 Bd4 38. Bf3 Nd7 39. Nb3 Ne3+ 40. Ke2 Nxc4 41.
Kd3 b5 42. Nxd4 exd4 43. Kxd4 Nce5 44. Bd1 Kh6 45. Ke3 g4 46. h3 Kxh5 47. hxg4+
Kg5 48. Kd4 Nxg4 0-1

[Event "4NCL Team Rapid"]
[Site "Newport Pagnell ENG"]
[Date "2010.10.09"]
[Round "2"]
[White "Padilla Cabero,P"]
[Black "Martyn,R"]
[Result "0-1"]
[BlackTitle "FM"]
[WhiteElo "2147"]
[BlackElo "2292"]
[WhiteFideId "2212846"]
[BlackFideId "409626"]
[EventDate "2010.10.09"]

1. e4 d5 2. exd5 Qxd5 3. Nf3 Bg4 4. Be2 Nc6 5. d4 O-O-O 6. c4 Qf5 7. Be3 Nf6 8.
Nc3 e5 9. d5 e4 10. Nd4 Nxd4 11. Bxd4 Bb4 12. Bxg4 Nxg4 13. h3 Ne5 14. Bxe5 Qxe5
15. Qb3 Bxc3+ 16. Qxc3 Qxc3+ 17. bxc3 Kd7 18. Kd2 Kd6 19. Kc2 Kc5 20. Kb3 b5 21.
cxb5 Rxd5 22. Rhe1 f5 23. f3 Re8 24. Re3 Rd2 25. g4 f4 26. Rxe4 Rxe4 27. fxe4
Re2 28. Rd1 Rxe4 29. Rd7 f3 30. Rf7 Re3 31. Rf5+ Kd6 32. a4 Ke6 33. Kc4 g6 34.
Rf4 Ke5 35. Rf7 Re4+ 36. Kc5 Rf4 37. Re7+ Kf6 38. Re1 f2 39. Rf1 Kg5 40. Kc6 Kh4
41. Kxc7 Kxh3 42. Kb7 Kg2 43. Rxf2+ Kxf2 44. a5 Rf7+ 45. Ka6 h5 46. b6 axb6 47.
axb6 Ke3 48. gxh5 gxh5 49. c4 Kd4 50. Kb5 Rf5+ 0-1

[Event "4NCL Team Rapid"]
[Site "Newport Pagnell ENG"]
[Date "2010.10.09"]
[Round "2"]
[White "Poobalasingam,P"]
[Black "Headlong,T"]
[Result "1-0"]
[WhiteTitle "FM"]
[BlackTitle "CM"]
[WhiteElo "2332"]
[BlackElo "2177"]
[WhiteFideId "410683"]
[BlackFideId "404098"]
[EventDate "2010.10.09"]

1. d4 d5 2. c4 e6 3. Nf3 c5 4. cxd5 exd5 5. g3 Nc6 6. Bg2 Nf6 7. O-O Be7 8. dxc5
Bxc5 9. a3 O-O 10. b4 Be7 11. Bb2 Bg4 12. Nc3 Qd7 13. b5 Na5 14. Ne5 Qd6 15.
Nxg4 Nxg4 16. Qxd5 Qxd5 17. Nxd5 Bc5 18. Rad1 Nh6 19. h3 Rad8 20. a4 Nf5 21. Kh2
Rfe8 22. e4 Nd6 23. e5 Ndc4 24. Bc3 b6 25. Nc7 Rxd1 26. Rxd1 Rc8 27. Nd5 h6 28.
Bd4 Bf8 29. Bf3 Re8 30. Re1 Nb3 31. Bc3 Nc5 32. Bd1 Nd3 33. Re2 Ncxe5 34. f4
Nf3+ 35. Kg2 Rd8 36. Kxf3 Rxd5 37. Rd2 Rd7 38. Be2 Ne1+ 39. Ke4 Re7+ 40. Kd4
Rd7+ 41. Kc4 Rc7+ 42. Kb3 Ng2 43. Be5 Rc8 44. Bg4 Rd8 45. Rxd8 1-0

[Event "4NCL Team Rapid"]
[Site "Newport Pagnell ENG"]
[Date "2010.10.09"]
[Round "2"]
[White "Haydon,R"]
[Black "Piper,M"]
[Result "0-1"]
[WhiteElo "2164"]
[BlackElo "2343"]
[WhiteFideId "406236"]
[BlackFideId "401463"]
[EventDate "2010.10.09"]

1. e4 e5 2. Nf3 Nc6 3. Bb5 Nf6 4. O-O Bc5 5. c3 O-O 6. Bxc6 dxc6 7. Nxe5 Nxe4 8.
d4 Bd6 9. Qf3 Ng5 10. Qh5 Ne6 11. f4 f6 12. Nd3 f5 13. Nd2 Qf6 14. Nf3 g6 15.
Qh6 Bd7 16. Nde5 Rad8 17. Bd2 Rfe8 18. Be1 Bf8 19. Qh4 Bg7 20. Rd1 Bc8 21. Qxf6
Bxf6 22. Bh4 Bxh4 23. Nxh4 c5 24. dxc5 Rxd1 25. Rxd1 Nxf4 26. Nhf3 Be6 27. b3
Ne2+ 28. Kf2 Nxc3 29. Rc1 Nxa2 30. Rc2 Nb4 31. Rd2 a5 32. Ng5 Bd5 33. Nd7 Kg7
34. Nxh7 Bc6 35. Ng5 0-1

[Event "4NCL Team Rapid"]
[Site "Newport Pagnell ENG"]
[Date "2010.10.09"]
[Round "2"]
[White "Cox,JohnJ"]
[Black "Girdlestone,P"]
[Result "1-0"]
[WhiteTitle "IM"]
[WhiteElo "2398"]
[BlackElo "2182"]
[WhiteFideId "401064"]
[BlackFideId "408840"]
[EventDate "2010.10.09"]

1. c4 e5 2. g3 Nc6 3. Nc3 f5 4. Nf3 e4 5. Nh4 d6 6. d3 Be7 7. Ng2 exd3 8. exd3
Nf6 9. Nf4 O-O 10. Bg2 Ne5 11. d4 Nf7 12. O-O c6 13. d5 Ne5 14. b3 Qe8 15. Bb2
Qf7 16. Qe2 Bd7 17. Rad1 g5 18. Ne6 Bxe6 19. dxe6 Qg6 20. c5 Rad8 21. cxd6 Bxd6
22. Rxd6 Rxd6 23. Qxe5 Rd2 24. Nb1 Rc2 1-0

[Event "4NCL Team Rapid"]
[Site "Newport Pagnell ENG"]
[Date "2010.10.09"]
[Round "2"]
[White "Clarke,B"]
[Black "Sen,S"]
[Result "1-0"]
[WhiteElo "2110"]
[BlackElo "2150"]
[WhiteFideId "400319"]
[BlackFideId "414433"]
[EventDate "2010.10.09"]

1. e4 c5 2. Nf3 d6 3. d4 cxd4 4. Nxd4 Nf6 5. Nc3 a6 6. Bg5 e6 7. f4 Qc7 8. Qf3
b5 9. O-O-O b4 10. Nce2 Bb7 11. Bxf6 gxf6 12. Ng3 Nd7 13. Qh5 Rc8 14. Bd3 Nc5
15. Kb1 Nxd3 16. cxd3 Qc5 17. Nb3 Qxh5 18. Nxh5 Be7 19. Na5 Rc5 20. Nxf6+ Bxf6
21. Nxb7 Rc6 22. Rc1 Kd7 23. Rxc6 Kxc6 24. Na5+ Kd7 25. Nc4 Rg8 26. g3 h5 27.
Rg1 Bd4 28. Rg2 d5 29. Nd2 a5 30. Nf3 Bf6 31. e5 Be7 32. Kc2 f6 33. Kd2 f5 34.
Ke3 Rc8 35. Kd2 a4 36. Rg1 b3 37. axb3 axb3 38. Rc1 Bb4+ 39. Kd1 Rb8 40. Nd4 Ba5
41. Ra1 Rb4 42. Rxa5 Rxd4 43. Kd2 Rb4 44. Kc3 Rb7 45. Ra6 Rb8 46. Ra7+ Ke8 47.
Rh7 Ra8 1-0

[Event "4NCL Team Rapid"]
[Site "Newport Pagnell ENG"]
[Date "2010.10.09"]
[Round "2"]
[White "Jones,G"]
[Black "Zhou,Y"]
[Result "0-1"]
[WhiteTitle "GM"]
[BlackTitle "FM"]
[WhiteElo "2576"]
[BlackElo "2320"]
[WhiteFideId "409561"]
[BlackFideId "468584"]
[EventDate "2010.10.09"]

1. e4 c5 2. Nc3 g6 3. f4 Bg7 4. Nf3 Nc6 5. Bb5 Nd4 6. O-O a6 7. Bd3 d6 8. Nxd4
cxd4 9. Ne2 e5 10. fxe5 dxe5 11. Bc4 Nf6 12. d3 O-O 13. Qe1 Qd6 14. Bd2 Re8 15.
Qh4 b5 16. Bb3 Ra7 17. a4 b4 18. a5 Rb7 19. Rf3 Rf8 20. Raf1 Ng4 21. h3 Ne3 22.
Bxe3 dxe3 23. Rxe3 Be6 24. Bxe6 Qxe6 25. Ref3 Qa2 26. Qe1 Qxb2 27. Qb1 Qa3 28.
Kh1 Qxa5 29. Nc3 b3 30. Nd5 b2 31. h4 Bh6 32. h5 Qd2 33. Kh2 Kg7 34. c3 Bf4+ 35.
Nxf4 exf4 36. Rxf4 Qxc3 37. h6+ Kxh6 38. R4f2 Rc8 39. g3 Rb5 40. Qa2 Qxd3 41.
Qxf7 Rh5+ 42. Kg2 Qxe4+ 43. Rf3 Rc2+ 44. Kg1 Qd4+ 45. R3f2 Rxf2 46. Qxf2 Qxf2+ 0-1

[Event "4NCL Team Rapid"]
[Site "Newport Pagnell ENG"]
[Date "2010.10.09"]
[Round "2"]
[White "Franklin,S"]
[Black "Arkell,K"]
[Result "0-1"]
[BlackTitle "GM"]
[WhiteElo "2203"]
[BlackElo "2439"]
[WhiteFideId "468576"]
[BlackFideId "400270"]
[EventDate "2010.10.09"]

1. e4 c6 2. c4 d5 3. exd5 Nf6 4. Nc3 cxd5 5. cxd5 Nxd5 6. Nf3 Nxc3 7. bxc3 g6 8.
Bb5+ Bd7 9. a4 Bg7 10. O-O O-O 11. Re1 e6 12. d4 Nc6 13. Bg5 Qc7 14. Qd2 Na5 15.
Rab1 Bxb5 16. Rxb5 Nc4 17. Qc1 b6 18. Bh6 Rfe8 19. Qg5 f6 20. Qh4 Bxh6 21. Qxh6
Nd6 22. Rbb1 Rac8 23. Qh4 Kg7 24. Qh3 Qc4 25. Re3 Nf5 26. Re4 Qxc3 27. Rbe1 Qb3
28. g4 Nd6 29. R4e3 Qxa4 30. Qh4 h6 31. Ne5 fxe5 32. dxe5 g5 33. Qh5 Nf7 34. Rf3
Re7 35. Rf6 Qc2 36. Re3 Qb1+ 37. Kg2 Rc1 38. Rh3 Rg1+ 39. Kf3 Qd3# 0-1

[Event "4NCL Team Rapid"]
[Site "Newport Pagnell ENG"]
[Date "2010.10.09"]
[Round "3"]
[White "Rendle,T"]
[Black "Cooper,L"]
[Result "1/2-1/2"]
[WhiteTitle "IM"]
[BlackTitle "IM"]
[WhiteElo "2400"]
[BlackElo "2316"]
[WhiteFideId "408760"]
[BlackFideId "401536"]
[EventDate "2010.10.09"]

1. e4 e5 2. Nf3 Nc6 3. Bc4 Bc5 4. c3 Nf6 5. d3 d6 6. h3 O-O 7. Bb3 Bb6 8. Nbd2
Nh5 9. Nc4 Qf6 10. Nxb6 axb6 11. Nh2 Qg6 12. Qf3 Be6 13. g4 Nf4 14. Bc2 Bxa2 15.
Bxf4 exf4 16. Qxf4 Qe6 17. Nf3 Ne5 18. Nxe5 dxe5 19. Qf5 Bb3 20. Rxa8 Rxa8 21.
Qxe6 Bxe6 22. Kd2 Ra2 23. Rb1 Kf8 24. d4 exd4 25. cxd4 c6 26. Kc3 g5 27. Rd1 Ra5
28. f3 Ke7 29. b3 h6 30. Rh1 Ra2 31. Rd1 Ke8 1/2-1/2

[Event "4NCL Team Rapid"]
[Site "Newport Pagnell ENG"]
[Date "2010.10.09"]
[Round "3"]
[White "Clarke,B"]
[Black "Summerscale,A"]
[Result "0-1"]
[BlackTitle "GM"]
[WhiteElo "2110"]
[BlackElo "2419"]
[WhiteFideId "400319"]
[BlackFideId "400980"]
[EventDate "2010.10.09"]

1. e4 e6 2. d4 d5 3. e5 c5 4. c3 Qb6 5. Nf3 Bd7 6. Bd3 cxd4 7. cxd4 Nc6 8. O-O
Nxd4 9. Nbd2 Nxf3+ 10. Nxf3 Ne7 11. Ng5 h6 12. Nh7 Nc6 13. Nxf8 Kxf8 14. Re1 Kg8
15. h4 Qd4 16. h5 Rc8 17. a3 a6 18. g3 Qb6 19. b4 Qc7 20. Bf4 Kf8 21. Rc1 Qb6
22. Be3 d4 23. Bf4 Ne7 24. Rxc8+ Bxc8 25. Qa4 Nd5 26. Rc1 Ke7 27. Bd2 Bd7 28.
Qb3 Rc8 29. Rxc8 Bxc8 30. Be4 Qc6 31. Qd3 Qb6 32. Kg2 Bd7 33. Bxd5 exd5 34. f4
Bg4 35. Be1 Bxh5 36. Bf2 Qe6 37. Bxd4 Bg6 38. Bc5+ Ke8 39. Qc3 Be4+ 40. Kh2 Qg4
41. Kg1 Qh3 42. Kf2 Qg2+ 43. Ke1 Bf3 44. Qe3 Qh1+ 45. Kd2 Qd1+ 46. Kc3 Be4 47.
Qf2 Qd3+ 48. Kb2 d4 49. Bxd4 Qb1+ 50. Kc3 Bd5 51. Qb2 Qe1+ 52. Qd2 Qxg3+ 53. Kb2
Qb3+ 54. Kc1 Be4 55. Bb2 Qc4+ 56. Bc3 Qf1+ 57. Qe1 Qxf4+ 58. Kb2 Qh2+ 59. Qd2
Qxd2+ 60. Bxd2 Kd7 61. Kc3 Ke6 62. Kd4 Bc6 63. Bc3 g5 64. Ke3 Kf5 65. Kf2 h5 66.
Kg3 h4+ 0-1

[Event "4NCL Team Rapid"]
[Site "Newport Pagnell ENG"]
[Date "2010.10.09"]
[Round "3"]
[White "Kosten,A"]
[Black "Arkell,K"]
[Result "1/2-1/2"]
[WhiteTitle "GM"]
[BlackTitle "GM"]
[WhiteElo "2513"]
[BlackElo "2439"]
[WhiteFideId "400114"]
[BlackFideId "400270"]
[EventDate "2010.10.09"]

1. c4 c5 2. Nc3 Nc6 3. g3 g6 4. Bg2 Bg7 5. e4 e6 6. Nge2 Nge7 7. O-O O-O 8. d3
b6 9. Rb1 Bb7 10. a3 a5 11. Be3 Nd4 12. b4 axb4 13. axb4 Bc6 14. bxc5 bxc5 15.
Bxd4 cxd4 16. Nb5 e5 17. f4 f6 18. Qb3 Qa5 19. f5 Qa2 20. Nc1 Qxb3 21. Nxb3 Ra2
22. g4 Rfa8 23. Nc7 Rc8 24. Nd5 Bxd5 25. exd5 gxf5 26. gxf5 Bh6 27. d6 Nc6 28.
Nc5 Nb8 29. Bd5+ Kh8 30. Ne4 Na6 31. Nxf6 Nc5 32. Ng4 Bf4 33. Rf3 Kg7 34. f6+
Kg6 1/2-1/2

[Event "4NCL Team Rapid"]
[Site "Newport Pagnell ENG"]
[Date "2010.10.09"]
[Round "3"]
[White "Jones,G"]
[Black "Hebden,M"]
[Result "1-0"]
[WhiteTitle "GM"]
[BlackTitle "GM"]
[WhiteElo "2576"]
[BlackElo "2556"]
[WhiteFideId "409561"]
[BlackFideId "400084"]
[EventDate "2010.10.09"]

1. d4 Nf6 2. c4 g6 3. Nc3 Bg7 4. e4 d6 5. f4 O-O 6. Nf3 c5 7. d5 e6 8. Be2 exd5
9. cxd5 Bg4 10. O-O Nbd7 11. h3 Bxf3 12. Bxf3 Qa5 13. Qe2 Rfe8 14. g4 h6 15. Bd2
a6 16. h4 b5 17. g5 hxg5 18. hxg5 Nh7 19. Nd1 Qa4 20. Bc3 Qc4 21. Qg2 Bd4+ 22.
Bxd4 Qxd4+ 23. Nf2 Qxb2 24. Qh3 Ne5 25. Bg2 Qd2 26. fxe5 Nxg5 27. Qg3 Rxe5 28.
Rad1 Qe2 29. Ng4 Rxe4 30. Nf6+ Kg7 31. Nxe4 Nxe4 32. Qf4 f5 33. Rde1 Qc4 34.
Bxe4 Re8 35. Qxd6 Rxe4 36. Qc7+ Kf6 37. Qd6+ Kg7 38. Rxe4 Qxe4 39. Qf4 Qxd5 40.
Re1 Qxa2 41. Qe5+ Kh6 42. Qxc5 f4 43. Qf8+ Kh5 44. Qxf4 1-0

[Event "4NCL Team Rapid"]
[Site "Newport Pagnell ENG"]
[Date "2010.10.09"]
[Round "3"]
[White "Cobb,J"]
[Black "Poobalasingam,P"]
[Result "1-0"]
[WhiteTitle "IM"]
[BlackTitle "FM"]
[WhiteElo "2401"]
[BlackElo "2332"]
[WhiteFideId "1800949"]
[BlackFideId "410683"]
[EventDate "2010.10.09"]

1. Nf3 Nf6 2. g3 g6 3. Bg2 d5 4. O-O Bg7 5. d3 O-O 6. Nc3 c5 7. e4 dxe4 8. dxe4
Nc6 9. Be3 Qa5 10. Qe2 Ng4 11. Bd2 Qd8 12. Rad1 Bd7 13. h3 Nge5 14. Nxe5 Bxe5
15. f4 Bg7 16. Be3 Nd4 17. Qd2 Bc6 18. e5 Bxg2 19. Qxg2 Qb6 20. b3 Qa5 21. Nd5
e6 22. Bxd4 exd5 23. Qxd5 Qxa2 24. Bxc5 Rfc8 25. Rd2 b6 26. Bd6 Qb2 27. f5 g5
28. f6 Bf8 29. e6 Bh6 30. exf7+ Kh8 31. f8=B Rxf8 32. Qxg5 Rg8 33. Qf4 Qc3 34.
Rf3 Qc5+ 35. Kg2 Raf8 36. f7 Rg7 37. Qf6 Qc7 38. Rdf2 Qb7 39. Kh2 Qc7 40. Rf4 1-0

[Event "4NCL Team Rapid"]
[Site "Newport Pagnell ENG"]
[Date "2010.10.09"]
[Round "3"]
[White "Parker,J"]
[Black "Cobb,C"]
[Result "1-0"]
[WhiteTitle "GM"]
[BlackTitle "IM"]
[WhiteElo "2531"]
[BlackElo "2396"]
[WhiteFideId "400580"]
[BlackFideId "403601"]
[EventDate "2010.10.09"]

1. e4 e6 2. d4 d5 3. Nd2 Nf6 4. e5 Nfd7 5. Bd3 c5 6. c3 Nc6 7. Ne2 cxd4 8. cxd4
f6 9. exf6 Nxf6 10. O-O Bd6 11. Nf3 Qc7 12. g3 O-O 13. Bf4 Bd7 14. Rc1 Bxf4 15.
Nxf4 Qb6 16. b3 Rae8 17. Re1 Nxd4 18. Nxd4 e5 19. Nxd5 Nxd5 20. Bc4 exd4 21.
Bxd5+ Kh8 22. Rxe8 Rxe8 23. Rc4 Qa5 24. Qh5 Qe1+ 25. Kg2 Rf8 26. Rc2 1-0

[Event "4NCL Team Rapid"]
[Site "Newport Pagnell ENG"]
[Date "2010.10.09"]
[Round "4"]
[White "Cobb,C"]
[Black "Kosten,A"]
[Result "0-1"]
[WhiteTitle "IM"]
[BlackTitle "GM"]
[WhiteElo "2396"]
[BlackElo "2513"]
[WhiteFideId "403601"]
[BlackFideId "400114"]
[EventDate "2010.10.09"]

1. c4 c5 2. Nf3 Nc6 3. Nc3 e5 4. e3 Nf6 5. d4 cxd4 6. exd4 e4 7. Ne5 Bb4 8. Be2
Qa5 9. Nxc6 dxc6 10. Bd2 O-O 11. O-O Qc7 12. h3 Be7 13. Qc1 Bf5 14. Bf4 Qd7 15.
Qe3 Rfe8 16. Rad1 h6 17. Rfe1 Bd6 18. Be5 Qe6 19. Bg3 Bxg3 20. Qxg3 Rad8 21. Rd2
e3 22. fxe3 Qxe3+ 23. Qxe3 Rxe3 24. Red1 Rde8 25. Bf1 b6 26. Re2 Rxe2 27. Bxe2
Ne4 28. Nxe4 Bxe4 29. Rd2 f5 30. Kf2 Kf7 31. b4 Kf6 32. a4 g5 33. g3 Rh8 34. Ra2
h5 35. a5 h4 36. axb6 hxg3+ 37. Kxg3 axb6 38. Ra6 f4+ 39. Kf2 Rxh3 40. Rxb6 Rh2+
41. Ke1 f3 42. Bxf3 Bxf3 43. d5 g4 44. dxc6 Ke7 45. Rb7+ Kd6 46. b5 Re2+ 47. Kf1
g3 48. Rd7+ Ke6 49. Rg7 g2+ 50. Kg1 Re1+ 51. Kf2 Rf1+ 52. Ke3 Bxc6 0-1

[Event "4NCL Team Rapid"]
[Site "Newport Pagnell ENG"]
[Date "2010.10.09"]
[Round "4"]
[White "Hebden,M"]
[Black "Sherwin,J"]
[Result "1-0"]
[WhiteTitle "GM"]
[BlackTitle "IM"]
[WhiteElo "2556"]
[BlackElo "2246"]
[WhiteFideId "400084"]
[BlackFideId "2000997"]
[EventDate "2010.10.09"]

1. d4 Nf6 2. Nf3 d5 3. c4 e6 4. Bg5 Be7 5. e3 h6 6. Bf4 c5 7. dxc5 Bxc5 8. Nc3
Nc6 9. Rc1 O-O 10. cxd5 exd5 11. Be2 Be6 12. O-O Qe7 13. Ne5 Rac8 14. Nxc6 bxc6
15. Ba6 Rcd8 16. Na4 Bd6 17. Bxd6 Qxd6 18. Qd4 Rb8 19. Nc5 Rb6 20. b4 Ng4 21. f4
Bc8 22. Be2 Re8 23. e4 Qd8 24. e5 Qh4 25. Bxg4 Qxg4 26. Rc3 Qf5 27. Re3 Be6 28.
a3 Rbb8 29. Nb3 Qc2 30. Qc3 Qxc3 31. Rxc3 Bd7 32. Na5 Rb6 33. Rfc1 Rc8 34. Kf2
f6 35. exf6 gxf6 36. Nb3 Kf7 37. Rc5 h5 38. Nd4 Ke7 39. Ra5 Ra8 40. Nb3 Kd6 41.
Rac5 Rc8 42. Re1 h4 43. Nd4 Rg8 44. Re2 Ra6 45. Re3 Rb6 46. Ra5 Ra8 47. g3 hxg3+
48. hxg3 Rbb8 49. Rc3 Rh8 50. Nxc6 Bxc6 51. Ra6 Rac8 52. b5 d4 53. Rcxc6+ Kd5
54. Rxc8 Rxc8 55. Rxa7 Ke4 56. Re7+ Kd3 57. b6 Rc2+ 58. Kf3 Rb2 59. b7 Kc3 1-0

[Event "4NCL Team Rapid"]
[Site "Newport Pagnell ENG"]
[Date "2010.10.09"]
[Round "4"]
[White "Franklin,S"]
[Black "Martyn,R"]
[Result "1-0"]
[BlackTitle "FM"]
[WhiteElo "2203"]
[BlackElo "2292"]
[WhiteFideId "468576"]
[BlackFideId "409626"]
[EventDate "2010.10.09"]

1. e4 d5 2. exd5 Qxd5 3. Nf3 Bg4 4. Be2 Nc6 5. d4 O-O-O 6. Be3 e5 7. c4 Qa5+ 8.
Bd2 Bb4 9. d5 Bxf3 10. Bxf3 Nd4 11. Nc3 Qc5 12. Be2 Nf6 13. O-O c6 14. a3 Bxc3
15. bxc3 Nxe2+ 16. Qxe2 cxd5 17. Qxe5 Rhe8 18. Qf5+ Kb8 19. cxd5 Qxd5 20. Qf4+
Ka8 21. Be3 Qe4 22. Qg5 Qd5 23. Qf4 Re4 24. Qf3 Qe6 25. Rad1 Re8 26. Rd4 Qd5 1-0

[Event "4NCL Team Rapid"]
[Site "Newport Pagnell ENG"]
[Date "2010.10.09"]
[Round "4"]
[White "Kilpatrick,C"]
[Black "Piper,M"]
[Result "0-1"]
[WhiteElo "2247"]
[BlackElo "2343"]
[WhiteFideId "414425"]
[BlackFideId "401463"]
[EventDate "2010.10.09"]

1. e4 e5 2. Nf3 Nc6 3. Bb5 Nf6 4. O-O Bc5 5. c3 O-O 6. d4 Bb6 7. Qd3 d6 8. Nbd2
Qe7 9. Re1 Nb8 10. a4 c6 11. Bc4 a5 12. Bb3 Be6 13. d5 Bg4 14. Nc4 Bc7 15. h3
Bh5 16. Ne3 Bg6 17. Nf5 Bxf5 18. exf5 Qd7 19. Nd2 Na6 20. dxc6 bxc6 21. Bc2 d5
22. g4 e4 23. Qe2 Rfe8 24. Nf1 Qd6 25. Bg5 Nd7 26. Red1 Nac5 27. Bh4 Qh6 28. Bg3
Bxg3 29. Nxg3 Qxh3 30. b4 Ne5 0-1

[Event "4NCL Team Rapid"]
[Site "Newport Pagnell ENG"]
[Date "2010.10.09"]
[Round "5"]
[White "Rendle,T"]
[Black "Sen,S"]
[Result "1-0"]
[WhiteTitle "IM"]
[WhiteElo "2400"]
[BlackElo "2150"]
[WhiteFideId "408760"]
[BlackFideId "414433"]
[EventDate "2010.10.09"]

1. e4 c5 2. Nf3 d6 3. c3 Nf6 4. Be2 g6 5. O-O Bg7 6. Bb5+ Bd7 7. Bxd7+ Nbxd7 8.
Re1 O-O 9. d4 e6 10. Bf4 Qb6 11. Qb3 Ne8 12. Nbd2 e5 13. dxe5 dxe5 14. Bg5 Qxb3
15. axb3 Nc7 16. Nc4 Ne6 17. Red1 Nb6 18. Be3 Nxc4 19. bxc4 Rfd8 20. Rd5 b6 21.
Kf1 f6 22. Rxd8+ Nxd8 23. b4 Bf8 24. b5 Nb7 25. Nd2 Kf7 26. Ke2 Nd6 27. f3 h5
28. Ra4 Nc8 29. Nf1 Rb8 30. Bd2 Rb7 31. Ne3 Rd7 32. Nd5 Ne7 33. Ra6 Nxd5 34.
cxd5 Bd6 35. Kd3 f5 36. Ra1 f4 37. g3 g5 38. Rg1 Kf6 39. c4 Rg7 40. Bc3 Kf7 41.
Rh1 h4 42. Be1 h3 43. Rg1 Kf8 44. Bc3 Kg8 45. Ke2 Kf8 46. Kf2 Kg8 47. Ra1 Kf8
48. Ra6 Kg8 49. Ba5 Rb7 50. Bd2 Rg7 51. Ra1 Kf8 52. Rg1 Kg8 53. gxf4 gxf4 54.
Rg4 Rxg4 55. fxg4 Be7 56. Kf3 Kf7 57. Bc3 Bd6 58. g5 Kg6 59. Kg4 Bc7 60. Be1 Bd6
61. Bh4 Bf8 62. Kxh3 Kh5 63. g6 Kxg6 64. Bd8 Bd6 65. Kg4 Kh6 66. h4 Kg6 67. h5+
Kh6 68. Bg5+ Kg7 69. Kf5 Kf7 70. h6 f3 71. Be3 Bc7 72. Bf2 Bd6 73. h7 Kg7 74.
Ke6 Bb8 75. d6 Kxh7 76. Kxe5 Kg6 77. Ke6 Kg5 78. e5 Kf4 79. Kd5 Kf5 80. Kc6 1-0

[Event "4NCL Team Rapid"]
[Site "Newport Pagnell ENG"]
[Date "2010.10.09"]
[Round "5"]
[White "Franklin,S"]
[Black "Summerscale,A"]
[Result "0-1"]
[BlackTitle "GM"]
[WhiteElo "2203"]
[BlackElo "2419"]
[WhiteFideId "468576"]
[BlackFideId "400980"]
[EventDate "2010.10.09"]

1. e4 e6 2. d4 d5 3. Nc3 Nf6 4. Bg5 Bb4 5. e5 h6 6. Be3 Ne4 7. Qg4 g6 8. a3
Bxc3+ 9. bxc3 c5 10. Bd3 h5 11. Qh3 Nxc3 12. dxc5 d4 13. Bd2 Nc6 14. Nf3 Qd5 15.
Bxc3 dxc3 16. Qg3 h4 17. Qf4 Rh5 18. O-O Nxe5 19. Nxe5 Qxe5 20. Bb5+ Kf8 21. Qb4
Qxc5 22. Be2 Qxb4 23. axb4 Re5 24. Bf3 Rb5 25. Rfd1 Rxb4 26. Rd8+ Ke7 27. Rad1
a5 28. g4 a4 29. g5 a3 30. R8d5 0-1